The Indian Consitution (Record no. 1734238)

MARC details
000 -LEADER
fixed length control field 00498nam a2200193 4500
005 - DATE AND TIME OF LATEST TRANSACTION
control field 20260324112945.0
008 - FIXED-LENGTH DATA ELEMENTS--GENERAL INFORMATION
fixed length control field 260324b |||||||| |||| 00| 0 eng d
020 ## - INTERNATIONAL STANDARD BOOK NUMBER
International Standard Book Number 9789365693751
040 ## - CATALOGING SOURCE
Transcribing agency FLL
041 ## - LANGUAGE CODE
Source of code Eng
084 ## - COLON CLASSIFICATION NUMBER
Classification number V2:2:Z R5
100 ## - MAIN ENTRY--PERSONAL NAME
Personal name Bhatia Gautam
245 ## - TITLE STATEMENT
Title The Indian Consitution
Remainder of title A Conversation With Power
250 ## - EDITION STATEMENT
Edition statement 1st
260 ## - PUBLICATION, DISTRIBUTION, ETC.
Place of publication, distribution, etc. Gurugram, India
Name of publisher, distributor, etc. Harper Collins
Date of publication, distribution, etc. 2025
300 ## - PHYSICAL DESCRIPTION
Extent xxvi,347p.
650 ## - SUBJECT ADDED ENTRY--TOPICAL TERM
Topical term or geographic name entry element Constitution of India
942 ## - ADDED ENTRY ELEMENTS (KOHA)
Source of classification or shelving scheme Colon Classification (CC)
Koha item type Textual
999 ## -
-- 1734238
-- 1734238
Holdings
Withdrawn status Lost status Source of classification or shelving scheme Damaged status Not for loan Home library Current library Date acquired Source of acquisition Cost, normal purchase price Inventory number Total checkouts Full call number Barcode Date last seen Copy number Price effective from Koha item type
    Colon Classification (CC)     Faculty of Law Library Faculty of Law Library 2026-02-05 Atlantic Publishers and Distributors 599.00 1205332-12/01/2026   V2:2:Z R5 LL1943526 2026-03-24 1 2026-03-24 Textual
    Colon Classification (CC)     Faculty of Law Library Faculty of Law Library 2026-02-05 Atlantic Publishers and Distributors 599.00 1205332-12/01/2026   V2:2:Z R5 LL1943527 2026-03-24 2 2026-03-24 Textual
    Colon Classification (CC)     Faculty of Law Library Faculty of Law Library 2026-02-05 Atlantic Publishers and Distributors 599.00 1205332-12/01/2026   V2:2:Z R5 LL1943528 2026-03-24 3 2026-03-24 Textual
    Colon Classification (CC)     Faculty of Law Library Faculty of Law Library 2026-02-05 Atlantic Publishers and Distributors 599.00 1205332-12/01/2026   V2:2:Z R5 LL1943529 2026-03-24 4 2026-03-24 Textual
Copyright @ Delhi University Library System